000 00245nam a2200121Ia 4500
100 _a#N/A
650 _aComputer/ IT
942 _cBK
654 _adigit; money from home
245 _amake money from home
260 _b#N/A
546 _aENGLISH
999 _c22149
_d22149